000 01053nam a22002297a 4500
003 NALT
005 20240301082804.0
008 220211b th ||||| |||| 00| 0 tha d
020 _a9789746145947
040 _aNALT
041 0 _aไทย
050 _aDS 349.9.M342
_bธ654ส 2552
100 0 _956844
_aธีรศักดิ์ พึ่งโพธิ์
245 1 0 _a15 วัน ในมัลดีฟส์ /
_cธีรศักดิ์ พึ่งโพธิ์.
260 _aกรุงเทพฯ :
_bบริษัท รุ่งเรืองเปเปอร์ แอนด์ ปริ้นท์,
_c2551.
300 _a193 หน้า :
_bภาพประกอบ ;
_c20 ซม.
651 4 _956845
_aมัลดีฟส์
_xภูมิประเทศและการท่องเที่ยว
651 4 _956846
_aมัลดีฟส์
_xความเป็นอยู่และประเพณี
850 _aNALT
942 _2lcc
_cGB
996 _akornsiririn.r
_bCATSTF
_c2023-12-11
999 _c99591
_d99591
998 _j3099
_k พรวิทู โค้วคชาภรณ์